|
|
|
|
| LEADER |
00000nab a2200000 a 4500 |
| 001 |
vtls000701675 |
| 003 |
SK-MaSNL |
| 005 |
20260304124147.0 |
| 008 |
250429c xo 0 slo |
| 015 |
|
|
|a SNBRB1999/09-22074
|
| 035 |
|
|
|a CLN000053842
|
| 035 |
|
|
|a urn:nbn:sk:snk-abj55
|
| 035 |
|
|
|a (urnnbn)urn:nbn:sk:snk:ar-a04zjm
|
| 035 |
|
|
|a (uuid)8769d22f-c92c-4e68-bf04-15a8d04510be
|
| 040 |
|
|
|a SNKBUCL
|b slo
|c SNKBUCL
|e AACR2
|
| 041 |
0 |
|
|a slo
|
| 044 |
|
|
|a xo
|c SK
|
| 080 |
|
|
|a 801.313:808.54-1
|2 1997
|
| 080 |
|
|
|a 801.1:808.54-313
|2 1997
|
| 100 |
1 |
|
|a Jacko, Jozef,
|d 1928-2004
|4 aut
|9 106719
|
| 245 |
1 |
0 |
|a Prípona -ár a jej varianty -iar a -ar v nových názvoch osôb
|c Jozef Jacko
|
| 504 |
|
|
|a Bibliogr. odkazy
|
| 650 |
0 |
7 |
|a slovenčina
|2 snkbucl
|9 1350
|
| 650 |
0 |
7 |
|a názvy osôb
|2 snkbucl
|9 923606
|
| 650 |
0 |
7 |
|a prípony -ár/-ar/-iar
|2 snkbucl
|9 1434629
|
| 650 |
0 |
7 |
|a rytmický zákon
|2 snkbucl
|9 71699
|
| 655 |
|
7 |
|a články z novín a časopisov
|2 snkbucl
|9 267496
|
| 773 |
0 |
|
|t Slovenský jazyk a literatúra v škole
|g Roč. 45, č. 5-6 (1998/1999), s. 133-139
|x 1335-2040
|
| 850 |
|
|
|a Slovenská národná knižnica
|
| 852 |
|
|
|a Slovenská národná knižnica
|
| 954 |
|
|
|a odborná, vedecká literatúra pôvodná (slovenská)
|2 lita
|
| 958 |
|
|
|a article27
|
| 958 |
|
|
|a SK
|
| 958 |
|
|
|a NB
|
| 958 |
|
|
|a OND
|
| 958 |
|
|
|a EUIPO
|
| 999 |
|
|
|c 2890721
|d 2892651
|